[Event "Warsaw YMCA Spring-A 273rd"]
[Site "Warsaw"]
[Date "2023.06.22"]
[Round "11"]
[White "Kurowski, Maciej"]
[Black "Jaroszuk, Marcin"]
[Result "1-0"]
[WhiteElo "1573"]
[BlackElo "1545"]
[PlyCount "37"]
[EventDate "2023.04.13"]
[EventType "tourn"]
[EventRounds "11"]
[EventCountry "POL"]
[SourceTitle "EXT 2024"]
[Source "ChessBase"]
[SourceDate "2023.10.10"]
[SourceVersion "1"]
[SourceVersionDate "2023.10.10"]
[SourceQuality "1"]

1. e4 e6 2. d4 d5 3. e5 c5 4. c3 Nc6 5. Nf3 Bd7 6. Bd3 Rc8 7. 0-0 cxd4 8. cxd4 Nb4 9. Nc3 Nxd3 10. Qxd3 Ne7 11. a3 Nf5 12. Re1 h6 13. Nxd5 exd5 14. e6 Bxe6 15. Qxf5 Be7 16. Rxe6 fxe6 17. Qg6+ Kf8 18. Ne5 Qe8 19. Qxe6 1-0

[Event "Warsaw YMCA Spring-A 273rd"]
[Site "Warsaw"]
[Date "2023.05.11"]
[Round "5"]
[White "Kurowski, Maciej"]
[Black "Urych, Krzysztof"]
[Result "0-1"]
[WhiteElo "1573"]
[BlackElo "1440"]
[PlyCount "94"]
[EventDate "2023.04.13"]
[EventType "tourn"]
[EventRounds "11"]
[EventCountry "POL"]
[SourceTitle "EXT 2024"]
[Source "ChessBase"]
[SourceDate "2023.10.10"]
[SourceVersion "1"]
[SourceVersionDate "2023.10.10"]
[SourceQuality "1"]

1. e4 c5 2. c3 d5 3. exd5 Qxd5 4. d4 Nc6 5. Nf3 Bg4 6. Be2 cxd4 7. cxd4 e6 8. Nc3 Qa5 9. Qb3 Qb4 10. 0-0 Bxf3 11. Bxf3 Nxd4 12. Qxb4 Nxf3+ 13. gxf3 Bxb4 14. Nb5 Ke7 15. Be3 a6 16. a3 axb5 17. axb4 Nf6 18. Rfc1 Rxa1 19. Rxa1 Kd7 20. Ra5 Kc6 21. Ra1 Rc8 22. Bd4 Nd5 23. Rc1+ Kd7 24. Rxc8 Kxc8 25. Bxg7 Nxb4 26. Kg2 Kd7 27. Kh3 Ke7 28. Kh4 f5 29. Kg5 Kf7 30. Kh6 Kg8 31. Bc3 Nd3 32. Kg5 Kf7 33. Kh6 b4 34. Bd2 Nxb2 35. Bxb4 Nd3 36. Bc3 Kg8 37. Kg5 Kf7 38. Kh6 b5 39. Kxh7 b4 40. Ba1 b3 41. h4 b2 42. Bxb2 Nxb2 43. h5 Nc4 44. f4 Nd6 45. h6 Ne8 46. f3 Nf6+ 47. Kh8 Kg6 0-1

[Event "Warsaw YMCA Autumn-B 265th"]
[Site "Warsaw"]
[Date "2022.10.27"]
[Round "5"]
[White "Jaroszuk, Marcin"]
[Black "Kurowski, Maciej"]
[Result "0-1"]
[WhiteElo "1495"]
[BlackElo "1575"]
[PlyCount "94"]
[EventDate "2022.09.28"]
[EventType "tourn"]
[EventRounds "13"]
[EventCountry "POL"]
[SourceTitle "EXT 2024"]
[Source "ChessBase"]
[SourceDate "2023.10.10"]
[SourceVersion "1"]
[SourceVersionDate "2023.10.10"]
[SourceQuality "1"]

1. Nf3 d5 2. g3 Nf6 3. Bg2 Bf5 4. 0-0 e6 5. d4 Nbd7 6. c4 c6 7. Nc3 h6 8. Nd2 Be7 9. e4 dxe4 10. Ndxe4 Nxe4 11. Bxe4 Bxe4 12. Nxe4 0-0 13. Qe2 Nf6 14. Rd1 Nxe4 15. Qxe4 Bf6 16. Bf4 Qe7 17. Be5 Rfd8 18. Rd3 Bxe5 19. Qxe5 Rd7 20. Rad1 Rad8 21. Kf1 Qb4 22. b3 a5 23. a4 b6 24. h4 Qe7 25. Qe4 Rd6 26. d5 cxd5 27. cxd5 Qb7 28. Qe3 Rxd5 29. Rxd5 Rxd5 30. Rxd5 exd5 31. Qe8+ Kh7 32. Qb5 g6 33. Qd3 h5 34. Qd4 Qc6 35. Qf4 Qe6 36. Qd4 Qh3+ 37. Kg1 Qe6 38. Kf1 Qd6 39. Kg1 Kg8 40. Kg2 Qc5 41. Qf6 d4 42. Qd8+ Kg7 43. Qb8 Qd5+ 44. Kh2 d3 45. Qxb6 d2 46. Qe3 d1Q 47. Qc3+ Kh7 0-1

[Event "Warsaw YMCA Autumn-B 249th"]
[Site "Warsaw"]
[Date "2021.12.08"]
[Round "12"]
[White "Kurowski, Maciej"]
[Black "Szumigaj, Marcin"]
[Result "1-0"]
[WhiteElo "1590"]
[BlackElo "1473"]
[PlyCount "65"]
[EventDate "2021.09.23"]
[EventType "tourn"]
[EventRounds "13"]
[EventCountry "POL"]
[SourceTitle "EXT 2023"]
[Source "ChessBase"]
[SourceDate "2022.10.05"]
[SourceVersion "1"]
[SourceVersionDate "2022.10.05"]
[SourceQuality "1"]

1. e4 c5 2. Nf3 Nc6 3. d4 cxd4 4. Nxd4 g6 5. Nc3 Bg7 6. Be3 d6 7. Bc4 Nf6 8. h3 Qa5 9. 0-0 0-0 10. Bb3 Bd7 11. f4 Nxd4 12. Bxd4 Bc6 13. e5 dxe5 14. fxe5 Nh5 15. e6 f6 16. Ne2 Qg5 17. Rf2 Rad8 18. c3 Ng3 19. Nxg3 Qxg3 20. Qg4 Qxg4 21. hxg4 b6 22. a4 Bh6 23. a5 Bd5 24. Bxd5 Rxd5 25. axb6 axb6 26. Ra7 Re8 27. Re2 b5 28. Rd7 Rd8 29. Rxe7 Bg5 30. Rf7 Re8 31. Rd7 Rxd7 32. exd7 Rf8 33. Bc5 1-0

[Event "Warsaw YMCA Autumn-B 249th"]
[Site "Warsaw"]
[Date "2021.12.01"]
[Round "11"]
[White "Sloniewska, Alicja"]
[Black "Kurowski, Maciej"]
[Result "0-1"]
[WhiteElo "1658"]
[BlackElo "1590"]
[PlyCount "92"]
[EventDate "2021.09.23"]
[EventType "tourn"]
[EventRounds "13"]
[EventCountry "POL"]
[SourceTitle "EXT 2023"]
[Source "ChessBase"]
[SourceDate "2022.10.05"]
[SourceVersion "1"]
[SourceVersionDate "2022.10.05"]
[SourceQuality "1"]

1. d4 d5 2. c4 e6 3. cxd5 exd5 4. Nc3 c6 5. Bf4 Bf5 6. e3 Qb6 7. Qc1 Nf6 8. Nf3 Nbd7 9. Be2 Be7 10. 0-0 0-0 11. b3 h6 12. Qb2 Rfc8 13. a3 a5 14. Na4 Qd8 15. b4 axb4 16. axb4 b5 17. Nc3 Qf8 18. Na2 Ra4 19. Bd1 Ra6 20. Be2 Rca8 21. Ne5 Nxe5 22. Bxe5 Nd7 23. h3 Nxe5 24. dxe5 Bxb4 25. Nxb4 Rxa1 26. Rxa1 Rxa1+ 27. Qxa1 Qxb4 28. Qa8+ Kh7 29. Kh2 Qb2 30. Bf3 Qxe5+ 31. Kg1 Qd6 32. Qb7 Be6 33. Be2 Qc5 34. Bd3+ g6 35. h4 h5 36. Kh2 Qc3 37. Bf1 b4 38. Qa6 c5 39. Bd3 Kg7 40. g3 c4 41. Bxg6 Kxg6 42. Qa8 b3 43. Qg8+ Qg7 44. Qd8 Qf6 45. Qg8+ Kh6 46. Qf8+ Kh7 0-1

[Event "Warsaw YMCA Autumn-B 249th"]
[Site "Warsaw"]
[Date "2021.10.21"]
[Round "5"]
[White "Dabrowski, Leszek"]
[Black "Kurowski, Maciej"]
[Result "0-1"]
[WhiteElo "1436"]
[BlackElo "1590"]
[PlyCount "74"]
[EventDate "2021.09.23"]
[EventType "tourn"]
[EventRounds "13"]
[EventCountry "POL"]
[SourceTitle "EXT 2023"]
[Source "ChessBase"]
[SourceDate "2022.10.05"]
[SourceVersion "1"]
[SourceVersionDate "2022.10.05"]
[SourceQuality "1"]

1. e4 c5 2. Nc3 g6 3. Bc4 Bg7 4. f4 e6 5. Nf3 Ne7 6. 0-0 0-0 7. e5 a6 8. Ne4 d5 9. exd6 Nf5 10. Kh1 Nxd6 11. Nxd6 Qxd6 12. Ng5 h6 13. Ne4 Qc6 14. Qf3 b5 15. Be2 Bb7 16. Nxc5 Qxf3 17. Bxf3 Bxf3 18. Rxf3 Rc8 19. Nd3 Rxc2 20. Ne5 Nc6 21. Rc3 Rxc3 22. dxc3 Nxe5 23. fxe5 Rd8 24. Bf4 g5 25. Bg3 Rd2 26. Rb1 Re2 27. Kg1 Bxe5 28. Kf1 Re4 29. Bxe5 Rxe5 30. Rd1 Rd5 31. Rd4 f5 32. Ke2 Rxd4 33. cxd4 Kf7 34. Ke3 Kf6 35. g3 e5 36. d5 h5 37. h3 Ke7 0-1

[Event "Warsaw Najdorf Memorial op-B"]
[Site "Warsaw"]
[Date "2021.07.18"]
[Round "9"]
[White "Kopaniewski, Wojciech"]
[Black "Kurowski, Maciej"]
[Result "1/2-1/2"]
[WhiteElo "1389"]
[BlackElo "1627"]
[PlyCount "107"]
[EventDate "2021.07.10"]
[EventType "swiss"]
[EventRounds "9"]
[EventCountry "POL"]
[SourceTitle "EXT 2022"]
[Source "ChessBase"]
[SourceDate "2021.10.06"]
[SourceVersion "1"]
[SourceVersionDate "2021.10.06"]
[SourceQuality "1"]

1. f4 d5 2. b3 Nf6 3. Bb2 g6 4. Nf3 Bg7 5. e3 0-0 6. Be2 c5 7. 0-0 Nc6 8. h3 b6 9. d3 a5 10. Ne5 Bb7 11. Nd2 Nxe5 12. fxe5 Nd7 13. d4 f6 14. Nf3 fxe5 15. Nxe5 Nxe5 16. dxe5 Qc7 17. Bf3 Rad8 18. Qe2 Bxe5 19. Bxe5 Qxe5 20. Rae1 Rf6 21. Qd2 Kg7 22. a3 Qg3 23. b4 axb4 24. axb4 Rdf8 25. Qe2 e5 26. Bg4 d4 27. exd4 cxd4 28. Rxf6 Rxf6 29. Rd1 h5 30. Rd3 Qxg2+ 31. Qxg2 Bxg2 32. Kxg2 hxg4 33. hxg4 Rc6 34. Rd2 Rc3 35. g5 b5 36. Re2 e4 37. Rxe4 Rxc2+ 38. Kf3 Rc4 39. Re7+ Kf8 40. Rb7 Rxb4 41. Ke4 Rb1 42. Kxd4 b4 43. Ke5 Rf1 44. Rxb4 Rf5+ 45. Ke4 Rxg5 46. Rb7 Rf5 47. Ra7 Rf1 48. Ke3 Kg8 49. Rb7 Kf8 50. Ra7 Rf6 51. Ke2 g5 52. Ke3 g4 53. Ra4 Rg6 54. Kf2 1/2-1/2

[Event "Warsaw Najdorf Memorial op-B"]
[Site "Warsaw"]
[Date "2021.07.10"]
[Round "1"]
[White "Stankiewicz, Zofia"]
[Black "Kurowski, Maciej"]
[Result "0-1"]
[WhiteElo "1193"]
[BlackElo "1627"]
[PlyCount "62"]
[EventDate "2021.07.10"]
[EventType "swiss"]
[EventRounds "9"]
[EventCountry "POL"]
[SourceTitle "EXT 2022"]
[Source "ChessBase"]
[SourceDate "2021.10.06"]
[SourceVersion "1"]
[SourceVersionDate "2021.10.06"]
[SourceQuality "1"]

1. e4 c5 2. Nf3 g6 3. d4 cxd4 4. Nxd4 Nc6 5. Nc3 Nf6 6. Be2 d6 7. 0-0 Nxd4 8. Qxd4 Bg7 9. Qd1 0-0 10. Bg5 h6 11. Bh4 Be6 12. f4 Qb6+ 13. Kh1 Qxb2 14. Rf3 Nxe4 15. Rb1 Nxc3 16. Rxb2 Nxd1 17. Rxb7 Bd5 18. Rxe7 Bxf3 19. Bxf3 Rae8 20. Rxe8 Rxe8 21. Bxd1 Rb8 22. h3 Rb1 23. Kh2 Rxd1 24. Bf2 Bd4 25. Bh4 Rd2 26. Be7 f5 27. Kh1 Kf7 28. Bh4 Rxc2 29. a3 Be3 30. Bg3 Rc1+ 31. Kh2 Bg1+ 0-1